Statistiques concernant Les films de Zack Snyder

Cliquez ici pour prendre le quiz!

Statistiques générales

  • Ce quiz a été pris 19 fois
  • Le résultat moyen est 6 sur 12

Statistiques - réponses

AnnéeFilm% Correct
2017
Version de Whedon
Justice League
94%
2016Batman v Superman : L'aube de la justice
81%
2013Man of Steel
69%
2006300
63%
2009Watchmen : Les Gardiens
63%
2011Sucker Punch
50%
2004L'Armée des morts
38%
2010Le Royaume de Ga'Hoole : La Légende des gardiens
38%
2023Rebel Moon Partie 1 : Enfant du feu
38%
2024Rebel Moon Partie 2 : L'entailleuse
38%
Army of the Dead
31%
2021Zack Snyder's Justice League
31%

Distribution des résultats

Percentile par nombre de réponses

% des personnes avec chaque résultat

Votre développement - résultats

Vous n’avez pas pris ce quiz